El siglo de China : (Record no. 37962)

MARC details
000 -LEADER
campo de control de longitud fija 01608cam a2200349Ia 4500
001 - NÚMERO DE CONTROL
campo de control 57185
005 - FECHA Y HORA DE LA ÚLTIMA TRANSACCIÓN
campo de control 20230410105510.0
008 - DATOS DE LONGITUD FIJA--INFORMACIÓN GENERAL
campo de control de longitud fija 051118s2007 ck 000 0 spa d
035 ## - NÚMERO DE CONTROL DEL SISTEMA
Número de control de sistema (OCoLC)ocm62302089
040 ## - FUENTE DE CATALOGACIÓN
Centro catalogador/agencia de origen NPL
Centro/agencia transcriptor NPL
Centro/agencia modificador TEF
-- DRFGD
020 ## - NÚMERO INTERNACIONAL ESTÁNDAR DEL LIBRO
Número Internacional Estándar del Libro 9580486751
020 ## - NÚMERO INTERNACIONAL ESTÁNDAR DEL LIBRO
Número Internacional Estándar del Libro 9789580486756
035 ## - NÚMERO DE CONTROL DEL SISTEMA
Número de control de sistema (OCoLC)62302089
041 1# - CÓDIGO DE IDIOMA
Código de lengua del texto/banda sonora o título independiente spa
Código de lengua original eng
043 ## - CÓDIGO DE ÁREA GEOGRÁFICA
Código de área geográfica a-cc---
050 14 - SIGNATURA TOPOGRÁFICA DE LA BIBLIOTECA DEL CONGRESO
Número de clasificación HC 427.95
Número de ítem S546s 2007
082 00 - NÚMERO DE LA CLASIFICACIÓN DECIMAL DEWEY
Número de clasificación 337.51
100 1# - ENTRADA PRINCIPAL--NOMBRE DE PERSONA
Nombre de persona Shenkar, Oded.
240 10 - TÍTULO UNIFORME
Título uniforme Chinese century.
Lenguaje de la obra Spanish
245 13 - MENCIÓN DEL TÍTULO
Título El siglo de China :
Resto del título la floreciente economía China y su impacto en la economía global, en el equilibrio del poder y en los empleos /
Mención de responsabilidad, etc. Oded Shenkar ; traducción, Jorge Cárdenas Nannetti.
260 ## - PUBLICACIÓN, DISTRIBUCIÓN, ETC.
Lugar de publicación, distribución, etc. Bogotá, Colombia :
Nombre del editor, distribuidor, etc. Norma,
Fecha de publicación, distribución, etc. c2007.
300 ## - DESCRIPCIÓN FÍSICA
Extensión ix, 270 p. ;
Dimensiones 23 cm.
520 ## - RESUMEN, ETC.
Sumario, etc. Spanish translation of "The Chinese century". Within 20 years, possibly far sooner, China will have the world's largest economy. That will powerfully impact you, your job, your company, your economic future, and your country. Oded Shenkar shows how China is restoring its imperial glory by infusing modern technology and market economics into a non-democratic system controlled by the Communist party and bureaucracy.
651 #0 - PUNTO DE ACCESO ADICIONAL DE MATERIA--NOMBRE GEOGRÁFICO
Nombre geográfico China
Subdivisión general Economic conditions
Subdivisión cronológica 2000-
651 #0 - PUNTO DE ACCESO ADICIONAL DE MATERIA--NOMBRE GEOGRÁFICO
Nombre geográfico China
Subdivisión general Foreign economic relations.
651 #4 - PUNTO DE ACCESO ADICIONAL DE MATERIA--NOMBRE GEOGRÁFICO
Nombre geográfico China
Subdivisión general Condiciones económicas
Subdivisión cronológica 2000.
651 #4 - PUNTO DE ACCESO ADICIONAL DE MATERIA--NOMBRE GEOGRÁFICO
Nombre geográfico China
Subdivisión general Relaciones económicas internacionales.
856 41 - LOCALIZACIÓN Y ACCESO ELECTRÓNICOS
Materiales especificados Table of contents
Identificador Uniforme de Recursos <a href="http://www.loc.gov/catdir/toc/fy052/2004106546.html">http://www.loc.gov/catdir/toc/fy052/2004106546.html</a>
942 ## - ELEMENTOS DE ENTRADA SECUNDARIOS (KOHA)
Fuente del sistema de clasificación o colocación Clasificación de Library of Congress
Tipo de ítem Koha
946 ## - PROCESAMIENTO DE INFORMACIÓN LOCAL (OCLC)
a lmminaya
994 ## -
-- C0
-- DRFGD
Holdings
Estatus retirado Estado de pérdida Fuente del sistema de clasificación o colocación Estado de daño No para préstamo Colección Biblioteca de origen Biblioteca actual Ubicación en estantería Fecha de adquisición Serial enumeration / chronology Signatura topográfica completa Código de barras Visto por última vez Copia número Tipo de ítem Koha
    Clasificación de Library of Congress     Ciencias Sociales Biblioteca Juan Bosch Biblioteca Juan Bosch Ciencias Sociales (3er. Piso) 10/04/2023 1 HC 427.95 S546s 2007 00000058707 24/10/2018 1